<?xml version="1.0" encoding="UTF-8"?>
<collection xmlns="http://www.loc.gov/MARC21/slim">
 <record>
  <leader>00554pamaa2200181   4500</leader>
  <controlfield tag="001">0000022630</controlfield>
  <controlfield tag="005">20070917090000.0</controlfield>
  <datafield tag="020" ind1="0" ind2="0">
   <subfield code="a">0471258393 </subfield>
  </datafield>
  <datafield tag="082" ind1=" " ind2=" ">
   <subfield code="a">005.133 GRA</subfield>
  </datafield>
  <datafield tag="090" ind1="0" ind2="0">
   <subfield code="a">QA76.76.P37 </subfield>
   <subfield code="b">GRA 1998</subfield>
  </datafield>
  <datafield tag="100" ind1="1" ind2="0">
   <subfield code="a">GRAND </subfield>
  </datafield>
  <datafield tag="245" ind1="1" ind2="0">
   <subfield code="a">Patterns in Java volume 1 : </subfield>
   <subfield code="b">a catalog of reusable design patterns illustrated with UML  </subfield>
   <subfield code="c">Mark Grand.</subfield>
  </datafield>
  <datafield tag="260" ind1="0" ind2="0">
   <subfield code="a">New York: </subfield>
   <subfield code="b">John Wiley, </subfield>
   <subfield code="c">1998.</subfield>
  </datafield>
  <datafield tag="300" ind1=" " ind2=" ">
   <subfield code="a">467p.; </subfield>
   <subfield code="c">24cm.</subfield>
  </datafield>
  <datafield tag="500" ind1="0" ind2="0">
   <subfield code="a">Includes 1 CD-ROM</subfield>
  </datafield>
  <datafield tag="650" ind1="0" ind2="0">
   <subfield code="a">Java (Computer program language0 </subfield>
  </datafield>
  <datafield tag="650" ind1="0" ind2="0">
   <subfield code="a">UML (Computer science) </subfield>
  </datafield>
  <datafield tag="650" ind1="0" ind2="0">
   <subfield code="a">Software patterns </subfield>
  </datafield>
 </record>
</collection>
